000 00860nam a22002297a 4500
005 20250620104629.0
008 250620b |||||||| |||| 00| 0 eng d
020 _a978-81-19857-71-5 (pbk)
037 _cTB
040 _aCRL
_cCRL
041 _2pun
_apun
084 _aO153,6x R4
_qCRL
100 _aਚੌਹਾਨ, ਗੁਰਦੇਵ ਸਿੰਘ
_9813489
245 _aਕਲਮੀ ਗੁਲਾਬ
260 _aਪਟਿਆਲਾ, ਭਾਰਤ:
_bਔਟਉਮੰ ਆਰਟ,
_c2024.
300 _a319 ਪ.
365 _b345.00
_cINR
650 _aਪੰਜਾਬੀ ਸਾਹਿਤ
650 _aਪੰਜਾਬੀ ਨਿਬੰਧ
942 _2CC
_cTB
_hO153,6x R4
_n0
999 _c1432053
_d1432053